Brawl Stars: Gus Skins by Picture - Statistics

General Stats
  • This quiz has been taken 60 times
    9 since last reset
  • The average score is 4 of 9
Answer Stats
Picture Answer % Correct
Boy Scout Gus
75%
Balloon Sally
50%
True Gold Gus
50%
True Silver Gus
50%
Will Gus
50%
World Champion Gus
50%
Grim Gus
25%
Gruesome Gus
25%
Tomura Shigaraki Gus
25%
No matching quizzes found
Score Distribution
Percent of People with Each Score
Percentile by Number Answered
Your Score History
You have not taken this quiz since the last reset